000 00283nam a22001097a 4500
008 170124b xxu||||| |||| 00| 0 eng d
020 _a9780721658698
041 _aeng
080 _a618.2
245 _aTHE PHYSICIAN ASSISTANT EMERGENCY MEDICINE HANDBOOK
_cSALYER, S.W
942 _2udc
_cBK
999 _c3531
_d3531